Logo: computadores e educacáo
में बचाया:
| मुख्य लेखक: | |
|---|---|
| स्वरूप: | पुस्तक |
| भाषा: | पुर्तगाली |
| प्रकाशित: |
Sao Paulo
Brasiliense
1985
|
| श्रृंखला: | Comunicacáo & informática
|
| विषय: | |
| टैग: |
टैग जोड़ें
कोई टैग नहीं, इस रिकॉर्ड को टैग करने वाले पहले व्यक्ति बनें!
|
MARC
| LEADER | 00000nam a2200000 a 4500 | ||
|---|---|---|---|
| 001 | UCV5631 | ||
| 003 | CL-VaPUC | ||
| 008 | 921214e19850000BL |||||||||||||||||por|d | ||
| 082 | 0 | 4 | |a 372.702 |b PAP |2 21 |
| 100 | |a Papert, Seymour |e autor |9 366305 | ||
| 245 | 1 | 0 | |a Logo: computadores e educacáo |
| 300 | |a 253 p | ||
| 942 | |c BK | ||
| 945 | |d 19921214 00:00:00 | ||
| 260 | |a Sao Paulo |b Brasiliense |c 1985 | ||
| 650 | 7 | |a LOGO |2 CL-VaPUC |9 262449 | |
| 650 | 7 | |a LENGUAJES DE PROGRAMACION PARA COMPUTADORES |2 CL-VaPUC |9 261360 | |
| 650 | 0 | |a Matemática |9 260235 | |
| 650 | 7 | |a ENSEÑANZA CON AYUDA DE COMPUTADORES |2 CL-VaPUC |9 262450 | |
| 583 | |a last modification |c 20140821 04:10:11 |k Rodrigo Vera | ||
| 490 | 0 | |a Comunicacáo & informática | |
| 999 | |c 212066 |d 212064 | ||